Switch : how to change things when change in hard.
| Main Author: | |
|---|---|
| Other Authors: | |
| Format: | Book |
| Published: |
New York:
Broadway Books,
2010.
|
| Subjects: |
| LEADER | 00445cam a2200157 7i4500 | ||
|---|---|---|---|
| 001 | 0000025313 | ||
| 005 | 20101216090000.0 | ||
| 020 | 0 | 0 | |a 978-0-385-52875-7 |
| 090 | 0 | 0 | |a B 303.4 |b HEA |
| 100 | 1 | 0 | |a Heath |
| 245 | 1 | 0 | |a Switch : |b how to change things when change in hard. |
| 260 | 0 | 0 | |a New York: |b Broadway Books, |c 2010. |
| 300 | # | # | |a 305 p. |
| 650 | 0 | 0 | |a Change (Psychology) |
| 700 | 1 | 1 | |a Heath, |h Dan |
| 999 | |a B000027771 |b Book |c Book |e Business Information Centre | ||


